000 01337ngm a22004090a 4500
001 PT48849
003 AR-LpoUNG
005 20210202000036.0
007 vd cvaizq
008 191001s2010||||ag |||||||||||||||||spa d
037 _c$2,50
040 _aAR-LpoUNG
_bspa
_cAR-LpoUNG
_eaacr
041 _aspa
044 _aag
082 0 _a982 146v9
100 1 _aGalasso, Norberto
245 1 4 _aLos senderos de la revolución
260 _aBuenos Aires :
_bCentro Cultural Enrique Santos Discépolo,
_c2010.
300 _aDVD (30 min.) : son., byn, col.
520 _aReseña, a lo largo de 200 años, los hechos más trascendentes de la historia argentina y latinoamericana, reflejando en forma polémica y en profundidad, con gran profusión de imágenes y documentos, los acontecimientos que determinaron el devenir de la Nación y el pueblo argentino en el contexto latinoamericano.
650 4 _aAMERICA LATINA
650 4 _aANALISIS HISTORICO
650 4 _aARGENTINA
650 4 _aHISTORIA
650 4 _aHISTORIA POLITICA
650 4 _aHISTORIA SOCIAL
650 4 _aINVESTIGACION
651 4 _aArgentina
653 _aCINE ARGENTINO
653 _aDOCUMENTALES
653 _aDVD
653 _aHISTORIOGRAFIA
653 _aVIDEOS
700 1 _aZilber, Rubén
_edir.
905 _a48849
942 _cDVD
999 _c54014
_d54014